[Event "Katrineholm"]
[Site "Katrineholm"]
[Date "1999.05.17"]
[Round "6"]
[White "Laveryd, Peter"]
[Black "Gavrikov, Viktor"]
[Result "0-1"]
[WhiteElo "2420"]
[BlackElo "2532"]
[Annotator "Kaspi,A"]
[PlyCount "84"]
[EventDate "1999.05.??"]
[EventType "tourn"]
[EventRounds "9"]
[EventCountry "SWE"]
[EventCategory "12"]
[SourceTitle "CBM 071"]
[Source "ChessBase"]
[SourceDate "1999.08.01"]
[SourceVersion "1"]
[SourceVersionDate "1999.08.01"]
[SourceQuality "1"]

1. e4 {Tyomkin,D} g6 2. d4 Bg7 3. Nc3 c6 4. Nf3 d6 5. Be3 Qc7 6. Qd2 Nd7 7. Bd3
b5 8. O-O Ngf6 9. Bh6 O-O 10. Bxg7 (10. Rad1 Bb7 11. Rfe1 e5 12. Bf1 Rfe8 13.
a3 a6 14. dxe5 dxe5 15. Nh4 Nf8 16. Bxg7 Kxg7 17. Qg5 Ng8 18. Nf5+ Kh8 19. Nd6
$14 {0-1 Yilmaz,T-Rukavina,J/Pucarevo zt ,EXT 1987 (43)}) (10. Rfe1 e5 11. Ne2
a6 12. Ng3 c5 13. c3 Bb7 14. Rad1 Rfd8 15. Bxg7 Kxg7 16. Qg5 Ng8 $1 {[%csl Yh6]
1/2-1/2 Orlov-Schekachev,A/Saint Petersburg CHI 1994 (38)}) 10... Kxg7 11. a4 (
11. a3 a6 12. Rfe1 e5 13. Rad1 Bb7 $13) (11. Ne2 c5 12. c3 a6 13. Ng3 h6 14.
Rae1 Nb6 15. Qf4 Nc4 16. Qc1 Nb6 17. e5 $14 {1-0 Belikov,V-Daschian,N/Moscow
Russia CupII 1996 (28)}) (11. Rfe1 e5 12. Nd1 $6 a5 13. c3 Rb8 14. b4 Re8 15.
dxe5 dxe5 16. Ne3 Rd8 17. Rad1 Nb6 $11 {0-1 Karason Askell O-Sigurjonsson
Gudmundur/Amsterdam 1996 (41)}) 11... b4 12. Ne2 {[%cal Gc2c3]} c5 13. c3 a5
$146 (13... c4 $5 14. Bb1 b3 {The idea to pack Ra1 and Bb1 looks nicely.To
release those pieces white has to break with e4-e5.} 15. Ng3 Ng8 16. h4 e5 $15
{1/2-1/2 Belikov,V-Glyanets,A/RUS ch Orel ,EXT 1992 (65)}) 14. cxb4 axb4 15.
Rfc1 {[%cal Rd2b4]} Rb8 16. Ng3 Bb7 17. Qg5 Kh8 18. e5 dxe5 19. dxe5 $2 {
[%mdl 16384] This mistake leads to worse position for white. There was no
reason to sacrifice a pawn.} (19. Nxe5 $142 {[%csl Rf7,Rg7,Rh6][%cal Gd4c5,
Yc1c7]} Nxe5 (19... Qd6 20. Bc4 e6 21. Nxd7 Nxd7 22. dxc5 Nxc5 23. a5 $14) 20.
dxe5 Qc6 21. Nf1 $1 (21. f3 Qd5 $1) (21. Bf1 Nd7 22. Rc4 $6 f6 $1 $132) 21...
Nd5 (21... Ne4 22. Bxe4 Qxe4 23. Rxc5 $16) 22. Be4 $16 {[%csl Rc5][%cal Ye4c6]}
) 19... Bxf3 20. exf6 exf6 21. Qh6 Bg4 22. f4 $6 (22. f3 Be6 23. Nh5 Rg8 24.
Nf4 Qe5 $17) 22... Qd6 23. Bb5 Rfd8 24. h3 Qd4+ 25. Kh2 Bf3 $1 {[%csl Rg2]
[%cal Yd4f2] Black improves the bishop, using tactics in it.} 26. Rc2 Bd5 27.
f5 c4 {Black has consolidated his position,and begins a counterattack, keeping
an extra pawn.} 28. Re1 Qc5 29. Rce2 Qf8 30. Qh4 g5 31. Qd4 Qc5 32. Qxc5 Nxc5
33. Nh5 {Finally white takes back a pawn,but the passed pawn "c" decides the
game.} c3 34. bxc3 bxc3 35. Nxf6 Bb3 36. Rc1 c2 37. Re3 $2 {White is not using
the last chance:} (37. Rcxc2 $142 Bxc2 38. Rxc2 Rdc8 39. Rc4 $17 {and white
close to save it.}) 37... Rd1 $19 38. Re1 Nxa4 39. Nd7 Rd8 40. Ne5 Rxe1 41.
Rxe1 Rd1 42. Nd3 Rxe1 0-1

[Event "Pamplona 9899 9th"]
[Site "Pamplona"]
[Date "1999.01.03"]
[Round "7"]
[White "De la Villa Garcia, Jesus Maria"]
[Black "Krasenkow, Michal"]
[Result "0-1"]
[WhiteElo "2500"]
[BlackElo "2655"]
[Annotator "Kaspi,A"]
[PlyCount "82"]
[EventDate "1998.12.27"]
[EventType "tourn"]
[EventRounds "9"]
[EventCountry "ESP"]
[EventCategory "13"]
[SourceTitle "CBM 069"]
[Source "ChessBase"]
[SourceDate "1999.04.01"]
[SourceVersion "1"]
[SourceVersionDate "1999.04.01"]
[SourceQuality "1"]

1. e4 {Tyomkin,D} g6 2. d4 Bg7 3. Nf3 d6 4. c3 Nd7 5. Bc4 e6 6. O-O (6. Qe2 a6
(6... Ne7 7. Bf4 O-O 8. Nbd2 a6 9. e5 dxe5 10. Nxe5 Nf6 11. Ndf3 Nfd5 12. Bd2
b6 13. O-O c5 14. dxc5 bxc5 15. Rad1 Qc7 16. Rfe1 Rb8 17. Bc1 Rb6 18. h4 $14 {
0-1 Godena,M-Hickl,J/Horgen 1994/CBM 43 (49)}) 7. O-O h6 8. e5 Ne7 9. Bf4 d5
10. Bd3 b6 11. Nbd2 Bb7 12. h3 Nf8 13. b4 Nd7 14. Nb3 Nc6 15. Nh2 a5 16. b5 Ne7
17. a4 c6 18. Ng4 cxb5 19. axb5 Rc8 20. Qd2 Nf5 21. Nc1 Bf8 22. Ne2 Be7 23.
Nxh6 Nxh6 24. Bxh6 g5 25. Bg7 Rg8 26. Bh6 Rh8 27. Bg7 Rg8 28. Bh6 {1/2-1/2
Hauchard,A-Prie,E/Paris 1994/CBM 42 (28)}) 6... Ne7 7. Qe2 $146 (7. Re1 O-O 8.
Bg5 h6 9. Bh4 g5 10. Bg3 Ng6 11. Nfd2 e5 12. Nf1 Nf6 13. dxe5 dxe5 14. Nbd2 g4
15. Ne3 h5 $132 {0-1 Sulava,N-Glek,I/Biel 1997/CBM 60 ext (52)}) 7... O-O 8.
Re1 a6 9. a4 b6 10. Bf4 $6 e5 11. dxe5 dxe5 12. Bg3 Bb7 13. Na3 Nc8 {[%cal
Gc8d6]} 14. Rad1 {[%cal Rf3e5]} Qe8 (14... Nd6 15. Bd5 {-like in the game.})
15. Bd5 Bxd5 16. exd5 Nd6 17. Nc4 (17. Nxe5 Nxe5 18. Bxe5 Bxe5 19. Qxe5 Qxa4
20. Qe7 Rac8 $15) 17... f6 18. Nfd2 Nc5 19. f4 $2 {[%mdl 16384] White is
looking for initiative in the center,but it was better to protect a-pawn at
first.} (19. b3 $142 Nf5 20. f4 Nxg3 21. hxg3 Qd7 22. Qf3 b5 23. Na5 bxa4 24.
b4 Qb5 25. Nc6 Nd3 26. Re3 Nb2 27. Ra1 $44) 19... Nxa4 20. fxe5 fxe5 21. Ra1
Qb5 $1 $17 (21... b5 22. Bxe5 bxc4 $140 23. Bxg7 Kxg7 24. Qe7+ $16) 22. Nxd6
cxd6 23. Ne4 Nxb2 24. Qxb5 axb5 25. Nxd6 Rad8 26. Nxb5 Rxd5 $19 {[%mdl 4096]
Black has a pawn up and the winning position.Krasenkow shows good ending
technique.} (26... Nd3 27. c4 (27. Re3 Rxd5 28. Nc7 Rd6 29. Nb5 Rd7 30. Rd1
Rfd8 $19) 27... Nxe1 28. Rxe1 Rc8 29. Nd6 Rc7 $17 30. Bxe5 $140 $4 Re7 31. Bc3
Rxe1+ 32. Bxe1 Bd4+ $19) 27. Nc7 Ra5 $1 28. Rab1 (28. Rxa5 bxa5 29. Ne6 Re8 30.
Nxg7 Kxg7 31. Bxe5+ Kg8 32. Rb1 Nc4 33. Bd4 Ra8 {Passed pawn "a" decides.} 34.
Rb7 $140 a4 35. Rg7+ Kf8 36. Rxh7 Ra6 37. Rc7 Nd2 38. Bc5+ Kg8 39. Ba3 Nb1 40.
Bb2 a3 41. Ba1 Nd2 42. Rc8+ Kf7 43. Rc7+ Ke8 $19) 28... Nd3 29. Re3 e4 30. Rxe4
Bxc3 31. h4 Ra1 $1 {After this change white has less chanses to develope
counterplay against black's king.} 32. Rxa1 Bxa1 33. Nb5 Rf5 34. Nd6 Rh5 35.
Re7 b5 {[%csl Rg3] With passive bishop on g3 white can not get any attack,and
passed pawn-b decides.} 36. Rb7 b4 37. Rb8+ Kg7 38. Rb7+ Kf6 39. Ne8+ Ke6 40.
Ng7+ Bxg7 41. Rxg7 Rb5 0-1

[Event "Mermaid Beach Club"]
[Site "Bermuda"]
[Date "1999.01.30"]
[Round "10"]
[White "Forster, Richard"]
[Black "Bacrot, Etienne"]
[Result "0-1"]
[WhiteElo "2468"]
[BlackElo "2561"]
[Annotator "Kaspi,A"]
[PlyCount "80"]
[EventDate "1999.01.21"]
[EventType "tourn"]
[EventRounds "13"]
[EventCountry "BER"]
[EventCategory "9"]
[SourceTitle "CBM 069"]
[Source "ChessBase"]
[SourceDate "1999.04.01"]
[SourceVersion "1"]
[SourceVersionDate "1999.04.01"]
[SourceQuality "1"]

1. e4 {Tyomkin,D} g6 2. d4 Bg7 3. Nc3 d6 4. f4 a6 5. Nf3 b5 6. Bd3 Nd7 7. e5 c5
8. Be4 (8. exd6 exd6 (8... cxd4 9. Ne4 Bb7 10. Qe2 e6 11. f5 gxf5 12. Ng3 $40)
9. Ne4 (9. O-O $5 Ne7 $132 (9... cxd4 10. Re1+ Kf8 11. Ne2 $44)) 9... Qb6 10.
dxc5 dxc5 11. a4 $2 (11. Be2 $5 Ngf6 12. Nd6+ Ke7 13. Nxc8+ Raxc8 14. O-O Rhe8
$13) 11... Nh6 $1 12. axb5 O-O $17 {0-1 Schlosser,M-Chernin,A/Erevan 1996/EXT
97/[Dolmatov] (29)}) 8... Rb8 9. Be3 b4 10. Ne2 Nh6 11. h3 O-O 12. c3 $146 (12.
O-O Qc7 13. c3 bxc3 14. bxc3 Nb6 15. dxc5 dxc5 16. Ng3 Be6 17. Qc2 Bc4 18. Rfd1
Rfd8 19. Nd2 Bb5 20. a4 Nc4 $11 {1/2-1/2 Gurevich,V-Shchekachev,A/Cappelle la
Grande 1997/EXP 57 (41)}) 12... Nb6 13. Bf2 $6 (13. dxc5 Nc4 14. Qd4 Nxe3 15.
Qxe3 bxc3 16. b3 dxc5 17. Qxc5 $2 (17. Qxc3 $142 Bf5 18. Ng3 Bxe4 19. Nxe4 Qd5
20. Nxc5 Rfc8 21. b4 a5 22. a3 axb4 23. axb4 Qb7 $1 24. Rb1 Qb5 25. Kf2 Nf5 $44
) 17... Bf5 18. Bxf5 Nxf5 19. Qxc3 Rc8 20. Qd2 Qb6 $36) 13... bxc3 14. bxc3 Nc4
$15 15. O-O Qc7 16. Rb1 (16. dxc5 dxe5 17. fxe5 Nxe5 $15) 16... Bd7 17. Rxb8
Rxb8 18. Qd3 Bb5 19. Qc2 (19. a4 $4 Nxe5 $19) 19... Qd7 20. Ng5 Nf5 21. Re1 e6
22. Bf3 cxd4 23. cxd4 Rc8 24. Rc1 d5 {[%csl Rg5][%cal Rh7h6]} 25. h4 (25. g4 $2
Ne7 {[%cal Rc4e5,Rh7h6]}) 25... h6 26. Nh3 h5 {[%csl Gf5]} 27. Ng5 Bf8 $17 {
[%mdl 32] Black has an advantage on the queenside,the center and the kingside
are closed.} 28. Qd1 (28. Nc3 Qa7 29. Kh1 (29. Ne2 Rc6 30. Qd1 Qb6 $17) 29...
Nxd4 30. Nxe6 Nxc2 31. Bxa7 fxe6 32. Rxc2 Nxe5 33. fxe5 Bd3 $19) 28... Nb2 29.
Qd2 Nd3 30. Rxc8 Qxc8 31. Ng3 Nxg3 32. Bxg3 Qc4 33. Qe3 Ba3 {[%cal Ga3b2,Gb2c1]
} 34. Bxh5 {White tries his last chance.} (34. Be2 Qc1+ 35. Qxc1 Nxc1 $19)
34... gxh5 35. Qf3 Qxd4+ 36. Kh2 Bc5 {But black is much faster!} 37. Qxh5 Qg1+
38. Kh3 Qh1+ 39. Kg4 Nf2+ 40. Bxf2 Qxg2+ {[%cal Rb5e2]} 0-1

[Event "Capablanca Memorial Elite 34th"]
[Site "Havana"]
[Date "1999.05.07"]
[Round "1"]
[White "Slobodjan, Roman"]
[Black "Arencibia Rodriguez, Walter"]
[Result "0-1"]
[WhiteElo "2536"]
[BlackElo "2520"]
[Annotator "Kaspi,A"]
[PlyCount "76"]
[EventDate "1999.05.??"]
[EventType "tourn"]
[EventRounds "13"]
[EventCountry "CUB"]
[EventCategory "12"]
[SourceTitle "CBM 071"]
[Source "ChessBase"]
[SourceDate "1999.08.01"]
[SourceVersion "1"]
[SourceVersionDate "1999.08.01"]
[SourceQuality "1"]

1. e4 {Tyomkin,D} g6 2. d4 Bg7 3. Nc3 d6 4. Be3 a6 5. Be2 Nd7 (5... b5 $5 6. a3
(6. Bf3 Nd7 7. e5 $6 Rb8 8. exd6 cxd6 9. Nge2 Ngf6 10. O-O O-O 11. Nf4 e6 $15 {
0-1 Karadeniz,E-Zaichik,G/Panormo GRE 1998 (37)}) 6... Nd7 7. f4 (7. h4 h6 8.
g4 Ngf6 9. f4 Nb6 10. Bf2 h5 11. g5 Ng4 $15 {0-1 Jensson,E-Blees,A/
Hafnarfjordur ISL 1998 (40)}) 7... Bb7 8. Nh3 (8. Bf3 e5 9. Nge2 Ngf6 10. O-O
O-O 11. Ng3 exd4 12. Bxd4 Nb6 13. Qd3 c5 $132 {1-0 Andrienko,A-Asanov,B/
Bratislava ,EXT 1993 (44)}) 8... Ngf6 9. Nf2 e5 10. fxe5 dxe5 11. d5 h5 12. Qd2
$14 {1-0 Tempone,M-Ginzburg,M/ARG ch Acasusso ARG 1991 (40)}) 6. h4 $146 h5 7.
Nh3 b5 8. Ng5 Bb7 9. f4 e6 10. f5 {An attempt to use whites advantage in space.
It was better to finish development at first because black hasn't clear plan.}
(10. Qd2 Ne7 11. g4 hxg4 12. Bxg4 Nf6 13. Bf3 Qd7 14. O-O-O $14) 10... exf5 11.
exf5 Qe7 12. Qd3 gxf5 13. Bf3 (13. Qxf5 Bxg2 14. Rg1 Bb7 15. Nd5 Bxd5 16. Qxd5
Nb6 17. Qc6+ Kd8 18. Bf2 {and still ther is nothing clear.}) 13... Bxf3 14.
gxf3 Nb6 15. O-O-O Qd7 16. d5 (16. Rde1 O-O-O 17. Rhg1 $44) 16... Ne7 17. Rhe1
(17. f4 b4 18. Bd4 Bxd4 19. Qxd4 f6 20. Qxf6 (20. Qxb4 $5 fxg5 21. fxg5 O-O-O
22. a4 a5 23. Qxa5 Rde8 24. Qa6+ Kb8 25. a5 Nbc8 26. Rd4 {[%cal Gd4b4]} c5 27.
dxc6 Nxc6 28. Rd5 {[%cal Gd5b5]} Re5 29. Rb5+ Rxb5 30. Qxb5+ $44) 20... O-O-O
21. Ne2 Nexd5 22. Qd4 $15) 17... b4 18. Bd4 Be5 $1 19. Ne2 (19. Nb1 $5 Nbxd5
20. Bxe5 dxe5 21. c4 (21. Rxe5 $2 f6) 21... bxc3 22. Nxc3 $36) 19... Qb5 20.
Bxe5 $2 (20. Qxb5+ axb5 21. Bxb6 cxb6 22. f4 Bf6 23. Kb1 Kf8 24. Nd4 Bxd4 25.
Rxd4 {[%csl Rb5,Rb6,Rf5,Rf7][%cal Gd4b4] and white isn't worse in this ending.}
) 20... dxe5 21. Qb3 Qc4 $17 {Anyway black has exchanged queens,so it was
better for white to exchange them at 20th move} 22. d6 Qxb3 23. axb3 cxd6 24.
Rxd6 Nbd5 25. c4 bxc3 26. Nxc3 Nf4 27. Kb1 (27. Rxe5 $4 f6 $1 {[%csl Rd3]})
27... Neg6 28. Nd5 Nxd5 29. Rxd5 Ke7 30. f4 f6 31. Nh3 Rhd8 $19 {Black has
successfuly reflected whites initiative,and has got a winning ending.} 32. Rc5
Rac8 33. Ra5 Rd3 34. Nf2 Rf3 35. Nd1 Nxf4 36. Rxa6 Nd3 37. Ra7+ Kf8 38. Re3
Rxe3 0-1

[Event "INA-ROW m"]
[Site "Bali"]
[Date "1999.05.07"]
[Round "6"]
[White "Van den Doel, Erik"]
[Black "Adianto, Utut"]
[Result "0-1"]
[WhiteElo "2535"]
[BlackElo "2607"]
[Annotator "Kaspi,A"]
[PlyCount "50"]
[EventDate "1999.05.??"]
[EventType "team"]
[EventRounds "8"]
[EventCountry "INA"]
[SourceTitle "CBM 071"]
[Source "ChessBase"]
[SourceDate "1999.08.01"]
[SourceVersion "1"]
[SourceVersionDate "1999.08.01"]
[SourceQuality "1"]

1. e4 {Tyomkin,D} g6 2. d4 Bg7 3. Nc3 c5 4. Be3 Nc6 5. d5 Nd4 6. Nb1 $146 (6.
Na4 d6 7. c3 b5 8. Bxd4 cxd4 9. Bxb5+ Kf8 10. Bc6 Rb8 11. cxd4 Qa5+ 12. Qd2
Qxd2+ 13. Kxd2 Bxd4 14. f3 f5 15. Ne2 Be5 16. exf5 gxf5 17. f4 Bg7 18. Rab1 $16
{1-0 Langner,L-Wang Wenhao/Antwerpen 1992/EXP 30 (43)}) 6... Qb6 7. Bc1 a6 8.
a4 f5 9. c3 (9. a5 $5 Qf6 10. c3 Nb5 11. exf5 Qxf5 12. Be3 d6 13. Bd3 Qf7 14.
Nf3 Bg4 15. Be2 (15. Ng5 Bxd1 16. Nxf7 Kxf7 17. Kxd1 Nc7 18. c4 Bxb2 19. Ra2
Bg7 20. Nd2 $44 {[%csl Rd3,Re3][%cal Gb1b7]}) 15... Nc7 16. Qa4+ (16. Qb3 Qxd5
17. Bc4 Qc6 18. Bxg8 Bxf3 19. gxf3 d5 $15) 16... Bd7 17. Qb3 Qxd5 18. Bc4 Qc6
19. Bxg8 d5 20. Bf4 Rxg8 21. Bxc7 Qxc7 22. Qxd5 O-O-O 23. O-O Bb5 24. Qe6+ Qd7
25. Qxd7+ Rxd7 26. Re1 Rgd8 27. Na3 $11) 9... Nb3 10. a5 Nxa5 11. Nd2 Bh6 12.
exf5 Bxd2+ 13. Bxd2 Nb3 14. fxg6 hxg6 15. Ra3 Nxd2 16. Qxd2 {After an unusual
opening the game has arrived in a complicative middlegame. Both sides should
quickly insert pieces into the game and then castle. Black makes it better.}
Nf6 17. Nf3 d6 18. Bd3 Bg4 19. Ng5 (19. Bxg6+ Kd7 20. c4 Rag8 21. Bf7 Bxf3 22.
Bxg8 Bxg2 23. Be6+ Kc7 24. Rg1 Ne4 25. Qc2 Rxh2 26. Bf5 Ng5 $132) 19... O-O-O
$1 {[%mdl 576]} 20. Nf7 $2 {Black gets in a trap!} (20. f3 c4 21. Bxc4 Bf5 22.
Nf7 (22. g4 Rh4 23. gxf5 Rxc4 24. fxg6 Rg8 25. Qe2 Rf4 $44) (22. Qf2 Qc7 23.
Ba2 (23. Bxa6 $2 bxa6 24. Rxa6 Qb7 25. Rc6+ Kd7 $19) 23... Rh5 24. Qe3 (24. Nf7
Re8 25. g4 e6 26. gxh5 exd5+ 27. Kd1 Qxf7 28. hxg6 Bxg6 $44 {[%csl Ra3][%cal
Gg6h5,Gh5f3,Gf6e4]}))) 20... Rh5 21. Nxd8 Re5+ 22. Kf1 {[%tqu "En","How should
black develope an initiative?","","","c5c4","",10]} c4 $1 $19 {[%mdl 64] Black
has to see this move while played 19..0-0-0.} 23. Bxc4 (23. Bb1 Rxd5 $19 {
[%cal Gd5d1]}) (23. Nc6 bxc6 24. Bxc4 Ne4 $19) 23... Ne4 24. Qc2 (24. Qe1 Ng3+
25. hxg3 Rxe1+ 26. Kxe1 Qxb2 $19) {[%tqu "En","Black wins on force.Show it!",
"","","g4d1","",5]} 24... Bd1 $1 {[%mdl 64]} 25. Qxd1 {[%tqu "En","Find mate
in one!","","","b6f2","",1]} Qxf2# 0-1

[Event "Linares-03"]
[Site "Linares"]
[Date "1981.01.31"]
[Round "11"]
[White "Bellon Lopez, Juan Manuel"]
[Black "Christiansen, Larry Mark"]
[Result "0-1"]
[WhiteElo "2415"]
[BlackElo "2515"]
[Annotator "Kharitonov,A"]
[PlyCount "98"]
[EventDate "1981.01.17"]
[EventType "tourn"]
[EventRounds "11"]
[EventCountry "ESP"]
[EventCategory "13"]
[SourceTitle "MCL"]
[Source "ChessBase"]
[SourceDate "1999.07.01"]
[SourceVersion "1"]
[SourceVersionDate "1999.07.01"]
[SourceQuality "1"]

1. e4 d6 2. d4 g6 3. g3 Bg7 4. Bg2 Nc6 5. Ne2 (5. Be3 Nf6 6. h3 O-O 7. Ne2 e5
$13) (5. d5 Ne5 6. f4 Nc4 7. c3 c6 $13 8. dxc6 bxc6 9. Qa4 Nb6 10. Qxc6+ Bd7
11. Qb7 Bc8 $10) 5... e5 6. dxe5 (6. d5 $5 Nce7 7. c4 f5 8. Nbc3 Nf6 9. exf5
Nxf5 (9... gxf5 10. f4 $1) 10. O-O $14) 6... dxe5 7. Qxd8+ Nxd8 8. b3 (8. Nbc3
$5 Ne6 9. Be3 Bd7 10. O-O-O O-O-O 11. Rd2 $14 (11. f4 $5)) 8... Ne7 9. Na3 (9.
Ba3 $5 Ne6 10. Nbc3 c6 11. O-O-O Bd7 12. Kb1 {/\Nc1-d3/}) 9... Bd7 10. Bb2 Ne6
11. Nc4 Nc6 (11... f6 $6 12. f4 $36) 12. O-O-O O-O-O 13. Kb1 (13. f4 exf4 14.
Bxg7 Nxg7 15. Nxf4 (15. gxf4 f5) 15... f5 $10) 13... Rhe8 14. Nc1 (14. Nc3 Ned4
15. f3 f5 $13) 14... f6 15. h4 (15. Nd3 $5) 15... h5 16. Nd3 b6 17. Ne3 (17. f4
$6 Ned4) 17... Ncd4 $10 18. f4 (18. c3 Nb5 {/\Nd6=/}) 18... Bb5 (18... Ne2 $6
19. fxe5 fxe5 20. Nxe5 Nxg3 21. Rhe1 $16) (18... exf4 $6 19. gxf4 Ne2 20. Nd5
$16) 19. c4 Bc6 20. Nd5 Bb7 21. Rhf1 (21. fxe5 fxe5 22. Rhf1 c6 23. Bh3 $13)
21... c6 22. Ne3 Bh6 23. Bh3 $6 (23. Rf2 $142) 23... Kb8 24. Rf2 Nc7 (24...
exf4 25. gxf4 Nc7 26. Bg2 f5 $2 27. Ne5 $1 Rxe5 28. Rxd4 Rxd4 29. Bxd4 Re8 30.
exf5 c5 31. Be5 Rxe5 32. fxe5 Bxe3 33. fxg6 $1 Ne6 (33... Bxf2 34. g7 Bxg2 35.
g8=Q+ $18) 34. Rf8+ $1 Bc8 35. Bh3 Nxf8 36. g7 Bh6 37. g8=Q Bxh3 38. Qh8 Bf5+
39. Kb2 Bh7 40. e6 $1 $18) 25. Bg2 Bc8 26. Nb4 Bb7 27. Nbc2 Nxc2 28. Kxc2 Ne6
29. Rxd8+ Rxd8 30. Nf1 Nd4+ (30... exf4 $1 31. Bxf6 (31. gxf4 $2 Nxf4 32. Bxf6
Re8 33. Bf3 c5 34. e5 $2 Nh3 35. Rh2 Bxf3 36. Rxh3 Bg2 $19) 31... fxg3 32. Nxg3
Rf8 33. e5 $13) 31. Bxd4 exd4 (31... Rxd4 $2 32. fxe5 fxe5 33. Rf6) 32. Kd3 c5
$10 33. Nd2 Re8 34. b4 $2 (34. Bh3 $10) (34. Re2 $10) 34... cxb4 $1 35. Nb3 Bf8
36. e5 $2 (36. Nxd4 $2 Bc5 37. Rd2 Rd8 38. Ke3 a5 $19) (36. Kxd4 a5 37. Kd3
Rd8+ 38. Kc2 a4 39. Nd2 Bc5 $17) 36... Bxg2 37. Rxg2 fxe5 38. Re2 Bd6 39. Nxd4
Kb7 (39... Re7 $1 $19) 40. fxe5 (40. Nf3 Rd8 $19) 40... Rxe5 41. Rf2 Re7 42.
Ne2 Bc5 43. Rf3 a5 44. Nf4 Rf7 45. Ke4 Bd6 46. Rd3 (46. Nxg6 Rxf3 47. Kxf3 a4
$19) 46... Bxf4 47. gxf4 Re7+ 48. Kf3 Kc6 49. Rd5 Re1 (49... Re1 50. Rg5 a4 51.
Rxg6+ Kc5 52. Rg5+ Kxc4 53. Rg6 b5 54. Rc6+ Kd5 55. Rb6 Kc5 56. Rb8 b3 $19) 0-1

[Event "Kerteminde"]
[Site "Kerteminde"]
[Date "1991.??.??"]
[Round "9"]
[White "Hector, Jonny"]
[Black "Mortensen, Erling"]
[Result "0-1"]
[WhiteElo "2465"]
[BlackElo "2450"]
[Annotator "King,D"]
[PlyCount "73"]
[EventDate "1991.02.??"]
[EventType "tourn"]
[EventRounds "9"]
[EventCountry "DEN"]
[EventCategory "10"]
[SourceTitle "CBM 023"]
[Source "ChessBase"]
[SourceDate "1991.08.01"]
[SourceVersion "1"]
[SourceVersionDate "1991.08.01"]
[SourceQuality "1"]

1. e4 g6 2. d4 Bg7 3. Nc3 d6 4. f4 c6 5. Nf3 Bg4 6. Be3 Qb6 7. Qd2 Bxf3 8. gxf3
Nd7 9. Bh3 Qc7 10. a4 {10.a4 N.} (10. O-O-O Nb6 11. Qd3 Nf6 12. f5 Nfd7 13. Kb1
O-O-O 14. Rhg1 Kb8 {14...Rdg8!? /\ gf5, e6.} 15. a4 $13 {Chandler-Hort,
Amsterdam 1983.}) 10... Ngf6 11. f5 Rb8 12. O-O a5 13. Rae1 O-O 14. f4 gxf5 15.
Bxf5 e6 16. Bh3 b5 17. e5 b4 18. Nd1 Nd5 19. Rf3 f5 20. exf6 Rxf6 21. Bf2 $14
Nf8 22. Bh4 Rg6+ 23. Kh1 Bf6 24. Bg3 Qg7 25. Bf2 Qh6 26. Bxe6+ Nxe6 27. Rxe6
Qh5 28. Qe2 Kh8 29. Re8+ Rxe8 30. Qxe8+ Kg7 31. Qe4 Qg4 32. Bg3 h5 33. Nf2 Qd7
34. f5 Rh6 35. Bh4 (35. h4 $1 $16 {/\ Nh3-g5.}) 35... Qe7 36. Rg3+ Kf8 37. Qf4
(37. Qxe7+ Nxe7 38. Bg5 $1 Bxg5 39. Rxg5 $14) 0-1

[Event "Frankfurt"]
[Site "Frankfurt"]
[Date "1990.??.??"]
[Round "?"]
[White "Ostojic, Predrag"]
[Black "Alber, Horst"]
[Result "1-0"]
[WhiteElo "2355"]
[BlackElo "2340"]
[Annotator "King,D"]
[PlyCount "71"]
[EventDate "1990.??.??"]
[EventType "tourn"]
[EventRounds "13"]
[EventCountry "GER"]
[EventCategory "7"]
[SourceTitle "CBM 020"]
[Source "ChessBase"]
[SourceDate "1991.02.01"]
[SourceVersion "1"]
[SourceVersionDate "1991.02.01"]
[SourceQuality "1"]

1. e4 g6 2. d4 Bg7 3. Nc3 d6 4. g3 Nc6 5. d5 $5 (5. Be3 e5 6. dxe5 Nxe5 7. h3
Nf6 8. f4 Ned7 9. Bg2 O-O 10. Nge2 Re8 11. O-O Nb6 12. Bd4 $14 {Geller-Hickl,
Dortmund 1989.}) 5... Nb4 (5... Nd4 $5) 6. Bg2 c5 7. Nge2 Nf6 8. O-O O-O 9. h3
Rb8 10. Re1 b5 11. a3 Na6 12. a4 bxa4 13. Nxa4 $14 Qc7 14. Bd2 Nb4 15. Bc3 Rd8
16. Nf4 Nd7 17. Bxg7 Kxg7 18. b3 Ne5 19. c3 Na6 20. Qc2 Rb7 21. Nb2 Qb6 22. Ra3
Nc7 23. Rea1 Nb5 24. Ra6 Qc7 25. Ne2 e6 26. f4 Nd7 27. dxe6 Nb8 28. R6a5 fxe6
29. Qd3 a6 30. c4 Na7 31. Qc3+ e5 32. fxe5 dxe5 33. Nf4 Rd4 34. Nd5 Qd7 35. Nd3
Nac6 36. Nxc5 1-0

[Event "Altensteig"]
[Site "Altensteig"]
[Date "1990.??.??"]
[Round "6"]
[White "Luther, Thomas"]
[Black "Hickl, Joerg"]
[Result "0-1"]
[WhiteElo "2385"]
[BlackElo "2480"]
[Annotator "King,D"]
[PlyCount "106"]
[EventDate "1990.07.??"]
[EventType "tourn"]
[EventRounds "11"]
[EventCountry "GER"]
[EventCategory "9"]
[SourceTitle "CBM 020"]
[Source "ChessBase"]
[SourceDate "1991.02.01"]
[SourceVersion "1"]
[SourceVersionDate "1991.02.01"]
[SourceQuality "1"]

1. e4 g6 2. d4 d6 3. f4 d5 4. e5 h5 5. Nf3 Nh6 6. Be2 {Perhaps instead of 6.
Be2, 6.Be3! and after 6...Bg4 7.Nbd2, so that the bishop can move directly to
d3.} Bg4 7. Be3 e6 8. Bf2 Nf5 9. Nbd2 Nd7 10. c3 c6 11. Qb3 Qc7 12. Bd3 Be7 13.
h3 Bxf3 14. Nxf3 O-O-O 15. Qa4 Nb6 16. Qc2 c5 17. dxc5 Bxc5 18. Bxc5 Qxc5 19.
Qf2 Na4 20. Ng5 Rd7 21. Qxc5+ Nxc5 22. Bb5 Rc7 23. O-O-O a6 24. Be2 d4 25. g4
Ng3 26. Rhe1 dxc3 27. b4 Nce4 28. Nxe4 Nxe4 29. gxh5 gxh5 30. Rd4 Ng3 31. Bd3
h4 32. Kc2 Rg8 33. Rg1 Rd8 34. Rxd8+ Kxd8 35. Rb1 Kd7 36. a4 Nh5 37. Rf1 f5 38.
a5 Ke7 39. Kb3 Kf7 40. Rf2 Ke7 41. Bc4 c2 42. Rxc2 Nxf4 43. Bxa6 Rxc2 44. Bxb7
Rc7 45. a6 Nd5 46. Bxd5 exd5 47. b5 Ra7 48. Kb4 f4 49. Kc5 f3 50. b6 Rxa6 51.
b7 Ra5+ 52. Kc6 Rb5 53. Kxb5 f2 0-1

[Event "Kerteminde"]
[Site "Kerteminde"]
[Date "1991.??.??"]
[Round "4"]
[White "Shirov, Alexei"]
[Black "Hansen, Curt"]
[Result "1/2-1/2"]
[WhiteElo "2615"]
[BlackElo "2565"]
[Annotator "King,D"]
[PlyCount "66"]
[EventDate "1991.02.??"]
[EventType "tourn"]
[EventRounds "9"]
[EventCountry "DEN"]
[EventCategory "10"]
[SourceTitle "CBM 023"]
[Source "ChessBase"]
[SourceDate "1991.08.01"]
[SourceVersion "1"]
[SourceVersionDate "1991.08.01"]
[SourceQuality "1"]

1. d4 d6 2. e4 g6 3. Nc3 Bg7 4. Bg5 Nd7 5. f4 $6 (5. Qd2 c5 6. d5 Ngf6 7. f4 a6
8. a4 Qb6 $13 {/\ Qb4, Krnic-Jansa, Sombor 1976; 22/177.}) 5... c5 $1 6. d5 Qa5
$1 7. Qf3 h6 8. Bh4 Bxc3+ $1 9. bxc3 Ngf6 10. Kd2 b5 $36 11. Nh3 g5 12. fxg5
Ne5 13. Qe3 Nfg4 14. Qg3 b4 15. Rb1 Rb8 16. Be2 Qxa2 17. Ra1 Nc4+ 18. Bxc4 Qxc4
19. Rxa7 hxg5 20. Bxg5 f6 21. Rxe7+ Kxe7 22. Bxf6+ Nxf6 23. Qg7+ Ke8 24. Qg6+
Kd8 25. Qxf6+ Kc7 26. Qxh8 Bd7 27. Qg7 Qxe4 28. cxb4 Rxb4 29. Nf2 Qf4+ 30. Ke2
Qc4+ 31. Kd2 Qf4+ 32. Ke2 Qc4+ 33. Kd2 Qf4+ 1/2-1/2